| 000 | 01144cam a2200325 4500 | ||
|---|---|---|---|
| 008 | 090401t1997 xxu||||| |||| 00| 0 eng d | ||
| 020 | _a186134077X | ||
| 035 | _a(Sirsi) u81903 | ||
| 041 | _aeng | ||
| 050 | _a306.2 | ||
| 100 | _aBailey, Nick | ||
| 245 | 4 | _aThe management of flats in multiple ownership: learning from other countries. | |
| 260 |
_aBristol _bThe Policy Press _c1997 |
||
| 300 | _avii,32p. ; 30cm. | ||
| 350 | _a11.95 | ||
| 520 | _aExamines the legal arrangements that govern the ownership and management of flats as well as the practical support given to flat owners by both public and private organisations. Covers the different arragements that exist in England, Wales and Scotland and compares these with those in Australia, France and the US. | ||
| 650 | _aAUSTRALIA | ||
| 650 | _aFLAT MANAGEMENT | ||
| 650 | _aFLAT OWNERSHIP | ||
| 650 | _aFRANCE | ||
| 650 | _aSCOTLAND | ||
| 650 | _aUNITED STATES | ||
| 690 |
_aBlock management _96220 |
||
| 700 | _aRobertson, Douglas | ||
| 700 | _aPawson, Hal | ||
| 700 | _aLancaster, Sharon | ||
| 700 | _aJarvis, Chris | ||
| 942 | _n0 | ||
| 948 | _c04/11/1997 | ||
| 999 |
_c96756 _d96756 |
||